000 01039nam a2200205Ii 4500
003 JO-AjNU
008 230605s9999||||xx |||||||||||||| ||und||
017 _a2016/8/3630
040 _aJO-AjNU
_bara
_erda
_cJO-AjNU
041 _aara
050 1 4 _aDS154.56.A22 2016
100 3 _aاعداد الديوان الملكي العاشمي العامر، وحدة التوثيق والارشفة - ادارة الشؤون الادارية,
_eauthor
_958848
245 0 0 _aملك وشعب: المبادرات الملكية السامية 2007، المجلد الثاني
264 3 1 _aعمان: الديوان الملكي العاشمي العامر، وحدة التوثيق والارشفة - ادارة الشؤون الادارية، 2016
300 _aمج2: 257ص
_bيحتوي على صور توضيحية
336 _atext
_btxt
_2rdacontent
337 _aunmediated
_bn
_2rdamedia
338 _avolume
_bnc
_2rdacarrier
650 4 _aالاردن - تاريخ - عبدالله بن الحسين الثاني - ملك وشعب
_958849
999 _aA26452
_c30020
_d30020